<?xml version="1.0" encoding="UTF-8"?>
<record
    xmlns:xsi="http://www.w3.org/2001/XMLSchema-instance"
    xsi:schemaLocation="http://www.loc.gov/MARC21/slim http://www.loc.gov/standards/marcxml/schema/MARC21slim.xsd"
    xmlns="http://www.loc.gov/MARC21/slim">

  <leader>01875    a2200217   4500</leader>
  <controlfield tag="003">NUST</controlfield>
  <controlfield tag="005">20230711092800.0</controlfield>
  <datafield tag="010" ind1=" " ind2=" ">
    <subfield code="a">   00031382</subfield>
  </datafield>
  <datafield tag="040" ind1=" " ind2=" ">
    <subfield code="c">Nust</subfield>
  </datafield>
  <datafield tag="082" ind1="0" ind2="0">
    <subfield code="a">530,GIA</subfield>
  </datafield>
  <datafield tag="100" ind1="1" ind2=" ">
    <subfield code="a">Giancoli, Douglas C.</subfield>
    <subfield code="9">62916</subfield>
  </datafield>
  <datafield tag="245" ind1="1" ind2="0">
    <subfield code="a">Physics for scientists &amp; engineers with modern physics /</subfield>
    <subfield code="c">Douglas C. Giancoli.</subfield>
  </datafield>
  <datafield tag="246" ind1="3" ind2=" ">
    <subfield code="a">Physics for scientists and engineers with modern physics</subfield>
  </datafield>
  <datafield tag="250" ind1=" " ind2=" ">
    <subfield code="a">3rd ed.</subfield>
  </datafield>
  <datafield tag="260" ind1=" " ind2=" ">
    <subfield code="a">Upper Saddle River, N.J. :</subfield>
    <subfield code="b">Prentice Hall,</subfield>
    <subfield code="c">c2000.</subfield>
  </datafield>
  <datafield tag="300" ind1=" " ind2=" ">
    <subfield code="a">1172p,. (various pagings) :</subfield>
    <subfield code="b">ill. (some col.) ;</subfield>
    <subfield code="c">28 cm.</subfield>
  </datafield>
  <datafield tag="505" ind1=" " ind2=" ">
    <subfield code="a">Introduction, Measurement, Estimating (Page-1), Describing Motion (Page-16), Kinematics in Two Dimensions (Page-45), Dynamics : Newton&#x2019;s  laws of Motion (Page-77), Further Applications of Newton&#x2019;s Laws (Page-106), Gravitation and Newton&#x2019;s Synthesis (Page-133), Work and Energy (Page-155), Conservations of Energy(Page-176), inear Momentum and Collisions (Page-206), Rotational Motion About A Fixed Axis (Page-239), General Rotation (Page-279), Static Equilibrium (Page-300), Fluids (Page-332), Oscillations (Page-362), Wave Motion (Page-388), Sound (Page-417),Temperature (Page-445), Kinetic theory of Gases (Page-466), Electric Charge and Electric Field (Page-545), Gauss&#x2019;s Law (Page-575), Electric Currents (Page-634), DC Circuits (Page-658), Magnetism (Page-686), Source of Magnetics Field (Page-709),Electromagnetic Induction (Page-734), Inductance (Page-756), Light (Page-810), Lenses (Page-836), Wave Nature of Light (Page-866), Diffraction (Page-887), Special Theory of Relativity (Page-916), Early quantum Theory (Page-949), Molecules and Solids (Page-1030), Nuclear Physics (Page-1061), Nuclear Energy (Page-1085), Elementary Particles (Page-1114), Astrophysics and Cosmology (Page-1140).</subfield>
  </datafield>
  <datafield tag="650" ind1=" " ind2="0">
    <subfield code="a">Physics.</subfield>
  </datafield>
  <datafield tag="700" ind1="1" ind2=" ">
    <subfield code="a">Giancoli, Douglas C.</subfield>
    <subfield code="9">62916</subfield>
  </datafield>
  <datafield tag="942" ind1=" " ind2=" ">
    <subfield code="2">ddc</subfield>
    <subfield code="c">BK</subfield>
    <subfield code="k">530,GIA</subfield>
  </datafield>
  <datafield tag="999" ind1=" " ind2=" ">
    <subfield code="c">178462</subfield>
    <subfield code="d">178462</subfield>
  </datafield>
  <datafield tag="952" ind1=" " ind2=" ">
    <subfield code="0">0</subfield>
    <subfield code="1">0</subfield>
    <subfield code="2">ddc</subfield>
    <subfield code="4">0</subfield>
    <subfield code="7">0</subfield>
    <subfield code="a">MCS</subfield>
    <subfield code="b">MCS</subfield>
    <subfield code="c">GEN</subfield>
    <subfield code="d">2016-12-12</subfield>
    <subfield code="o">530,GIA</subfield>
    <subfield code="p">MCS33709</subfield>
    <subfield code="r">2016-12-08</subfield>
    <subfield code="w">2016-12-12</subfield>
    <subfield code="y">BK</subfield>
    <subfield code="z">Almirah No.15, Shelf No.2</subfield>
  </datafield>
  <datafield tag="952" ind1=" " ind2=" ">
    <subfield code="0">0</subfield>
    <subfield code="1">0</subfield>
    <subfield code="2">ddc</subfield>
    <subfield code="4">0</subfield>
    <subfield code="7">0</subfield>
    <subfield code="a">MCS</subfield>
    <subfield code="b">MCS</subfield>
    <subfield code="c">GEN</subfield>
    <subfield code="d">2016-12-12</subfield>
    <subfield code="o">530,GIA</subfield>
    <subfield code="p">MCS33711</subfield>
    <subfield code="r">2016-12-08</subfield>
    <subfield code="w">2016-12-12</subfield>
    <subfield code="y">BK</subfield>
    <subfield code="z">Almirah No.77, Shelf No.2</subfield>
  </datafield>
  <datafield tag="952" ind1=" " ind2=" ">
    <subfield code="0">0</subfield>
    <subfield code="1">0</subfield>
    <subfield code="2">ddc</subfield>
    <subfield code="4">0</subfield>
    <subfield code="7">0</subfield>
    <subfield code="a">MCS</subfield>
    <subfield code="b">MCS</subfield>
    <subfield code="c">GEN</subfield>
    <subfield code="d">2016-12-12</subfield>
    <subfield code="o">530,GIA</subfield>
    <subfield code="p">MCS33712</subfield>
    <subfield code="r">2016-12-08</subfield>
    <subfield code="w">2016-12-12</subfield>
    <subfield code="y">BK</subfield>
    <subfield code="z">Almirah No.15, Shelf No.2</subfield>
  </datafield>
</record>
